000257220 001__ 257220
000257220 005__ 20260412040123.0
000257220 0247_ $$aG:(GEPRIS)571741473$$d571741473
000257220 035__ $$aG:(GEPRIS)571741473
000257220 040__ $$aGEPRIS$$chttp://gepris.its.kfa-juelich.de
000257220 150__ $$aTravelling Morals. Wissen und Moral in transnationalen Verhandlungen von Sexarbeit und 'guter' Regulierung von Prostitution$$y2026 -
000257220 371__ $$aProfessor Dr. Reiner Keller
000257220 371__ $$aProfessorin Dr. Angelika Poferl
000257220 450__ $$aDFG project G:(GEPRIS)571741473$$wd$$y2026 -
000257220 5101_ $$0I:(DE-588b)2007744-0$$aDeutsche Forschungsgemeinschaft$$bDFG
000257220 680__ $$a
000257220 909CO $$ooai:juser.fz-juelich.de:1056121$$pauthority:GRANT$$pauthority
000257220 909CO $$ooai:juser.fz-juelich.de:1056121
000257220 980__ $$aG
000257220 980__ $$aAUTHORITY